00301nam a2200109Ia 4500008004100000041000800041082001700049100001900066245005500085250000900140260004200149230627s9999 xx 000 0 und d aeng a346.015bSUB aSubba Rao T. V aFamily Law In India : Hindu Law And Mohammedan Law a8ed. aHyderabadbS. Gogia And Companyc2003